000 01123cam a2200265 i 4500
003 SA-RiAUC
005 20260307114529.0
008 260224s1937 ua g 00000 ara c
040 _aSA-RiAUC
_bara
_cSA-RiAUC
_erda
082 0 4 _a232
_qSA-RiAUC
090 _aم ن 232
_bل ك ن
100 1 _aاللكنوي، محمد عبد الباقي الأنصاري،
_d1286-1364 هجري
_eمؤلف.
245 1 2 _aالإسعاد بالإسناد /
_cتأليف محمد عبد الباقي الأيوبي ؛ تصحيح محمد الدفتردار المدني.
264 1 _aالقاهرة :
_b[الناشر غير محدد]،
_c1937
264 3 _a[مكان الطبع غير محدد] :
_bمطبعة القدسي
300 _a63 صفحة ؛
_c29 سم
336 _aنص
_btxt
_2rdacontent
_3كتاب
337 _aبدون وسيط
_bn
_2rdamedia
338 _aمجلد
_bnc
_2rdacarrier
650 7 _aالحديث
_xإسناد
_2aucsh
650 7 _aعلم الحديث
_2aucsh
700 1 _aالمدني، محمد الدفتردار
_eمصحح.
942 _2ddc
_cRBOOK COPY
_n0
949 _aSA-JeALM
_d260224
_umohamedma123
_n1
999 _c14508
_d14508